00540nam a2200181 a 45000010010000000030011000100080041000210350026000620820015000881000019001032450026001222600055001486500018002039420012002219520090002339980020003239990015003430000-8880ELIB.Books110520 2001  a(ELIB.Books)0000-9028 a225.6 bFe aFee, Gordon D. aTo What End Exegesis? bBritish Columbia: Regent Collage Publishing c2001 aNew Testament 2ddccBK 00102ddc4070aKBTSbKBTSd2011-05-20l0p8775r2022-01-22 00:00:00w2022-01-22yBK cbate2011-05-20 c8880d8880